Provinces of the Philippines: Sudden Death - Statistics

General Stats
  • This quiz has been taken 27 times
  • The average score is 11 of 20
Answers on the Grid
Answers color-coded by a green-red scale on the quiz's grid according to % correct below.
Aguinaldo
Bataan
Batanes
Batangas
Bohol
Cagayan
Camarines Norte
Camarines Oriental
Camayan
Camiguin
Davao de Oro
Davao de Plata
Davao del Norte
Davao del Sur
Dinagat Islands
Eastern Samar
Guimaras
Iloilo
Lucena
Masbate
Misamis
Northern Samar
Palawan
Palawan del Norte
Palawan del Sur
Polillo Islands
Rizal
Southern Leyte
Southern Samar
Sulu
 
Answer Stats
Answer % Correct
Batanes
72%
Batangas
72%
Bohol
72%
Davao del Sur
61%
Iloilo
61%
Masbate
61%
Palawan
61%
Southern Leyte
61%
Bataan
56%
Cagayan
56%
Camarines Norte
56%
Guimaras
56%
Sulu
56%
Camiguin
50%
Davao del Norte
50%
Eastern Samar
50%
Northern Samar
50%
Davao de Oro
44%
Dinagat Islands
44%
Rizal
44%
No matching quizzes found
Score Distribution
Percent of People with Each Score
Percentile by Number Answered
Your Score History
You have not taken this quiz